00607nam a2200181 a 450000100060000000300090000600800410001502000150005604000280007108200170009910000670011611000500018324500600023326000390029349000310033265000370036365000250040017967CO-ViMGA141112s2004 ck r 000 u spa d a9581500243 aCO-ViMGAbspacCO-ViMGA04a634.41 R154m1 aRamirez Salgado, Francisco; López, Magda; Gutierrez, Albeiro aSena - Colombia ; Natural Resources Institute10aManejo post - cosecha y comercialización de Guanabana aArmenia (Colombia), cSena, c1998 aPaquetes de capacitación14aGANABANA - MANEJO POST - COSECHA14aGUANABANA - MERCADEO